| 000 -LEADER |
| fixed length control field |
00863nam a22002417a 4500 |
| 001 - CONTROL NUMBER |
| control field |
21785 |
| 003 - CONTROL NUMBER IDENTIFIER |
| control field |
BD-DhUAP |
| 005 - DATE AND TIME OF LATEST TRANSACTION |
| control field |
20230604122344.0 |
| 008 - FIXED-LENGTH DATA ELEMENTS--GENERAL INFORMATION |
| fixed length control field |
230405b2010 ii a|||| |||| 00| 0 eng d |
| 020 ## - INTERNATIONAL STANDARD BOOK NUMBER |
| International Standard Book Number |
9781107400542 |
| 040 ## - CATALOGING SOURCE |
| Original cataloging agency |
DLC |
| Language of cataloging |
Eng |
| Transcribing agency |
BD-DhUAP |
| Modifying agency |
BD-DhUAP |
| 082 ## - DEWEY DECIMAL CLASSIFICATION NUMBER |
| Edition number |
20 |
| Classification number |
808.06665 JON |
| 100 ## - MAIN ENTRY--PERSONAL NAME |
| Personal name |
Jones, Leo, |
| Dates associated with a name |
1943- |
| 245 ## - TITLE STATEMENT |
| Title |
New international business English : |
| Remainder of title |
communication skills in English for business purposes / |
| Statement of responsibility, etc. |
Leo Jones, Richard Alexander. Student's Book. |
| 250 ## - EDITION STATEMENT |
| Edition statement |
New ed. |
| 260 ## - PUBLICATION, DISTRIBUTION, ETC. |
| Place of publication, distribution, etc. |
New Delhi ; |
| Name of publisher, distributor, etc. |
Cambridge University Press, |
| Date of publication, distribution, etc. |
2010 |
| 300 ## - PHYSICAL DESCRIPTION |
| Extent |
176 p. : |
| Other physical details |
ill., maps , cd ; |
| Dimensions |
28cm. |
| 650 ## - SUBJECT ADDED ENTRY--TOPICAL TERM |
| Topical term or geographic name entry element |
English language |
| Form subdivision |
Textbooks for foreign speakers. |
| 650 ## - SUBJECT ADDED ENTRY--TOPICAL TERM |
| Topical term or geographic name entry element |
English language |
| General subdivision |
Business English. |
| Form subdivision |
Student's Book |
| 700 ## - ADDED ENTRY--PERSONAL NAME |
| Personal name |
Jones, Leo, | |
| Dates associated with a name |
1943- |
| 700 ## - ADDED ENTRY--PERSONAL NAME |
| Personal name |
Alexander, Richard J. |
| Dates associated with a name |
1945- |
| 942 ## - ADDED ENTRY ELEMENTS (KOHA) |
| Source of classification or shelving scheme |
|
| Koha item type |
Book |